| 000 | 00610nam a2200241Ia 4500 | ||
|---|---|---|---|
| 008 | 160803s9999 xx 000 0 und d | ||
| 020 | _a0 516237594 | ||
| 100 | _aStone, Lynn M. | ||
| 245 | _aEndangered animals / | ||
| 245 | _cby Lynn M. Stone. | ||
| 260 | _aNew York : | ||
| 260 | _bScholastic Inc. | ||
| 260 | _c1984 | ||
| 300 | _a45 pages : | ||
| 300 | _bcolor illustrations ; | ||
| 300 | _c22 cm. | ||
| 440 | _aA New true book. | ||
| 500 | _aEndangered species -- | ||
| 650 | _aJuvenile literature. | ||
| 650 | _aJuvenile literature. | ||
| 650 | _xRare animals -- | ||
| 700 | _a620 | ||
| 999 |
_c298985 _d298985 |
||